Gwagwalada, Abuja (Record no. 38464)

MARC details
000 -LEADER
fixed length control field 00431nam a2200157Ia 4500
022 ## - INTERNATIONAL STANDARD SERIAL NUMBER
ISSN GE 170 .J68/
050 ## - CALL MARK
Classification number Journalm of environmental sciences and policy evaluation
245 #0 - TITLE STATEMENT
Title Gwagwalada, Abuja
260 ## - PUBLICATION, DISTRIBUTION, ETC. (IMPRINT)
Place of publication 2018 insuderc academic publishers
260 ## - PUBLICATION, DISTRIBUTION, ETC. (IMPRINT)
Name of publisher 2018
260 ## - PUBLICATION, DISTRIBUTION, ETC. (IMPRINT)
Year of publication 67 p. :ill. ; 28 cm.
300 ## - PHYSICAL DESCRIPTION
Number of Pages Environmental
650 ## - SUBJECT ADDED ENTRY--TOPICAL TERM
Topical Term SR

No items available.